| 000 | 00447nam a2200157Ia 4500 | ||
|---|---|---|---|
| 001 | 61685 | ||
| 008 | 170320n ii |||gr||||Z||||||465 | ||
| 082 | _a620.5 | ||
| 100 |
_aRao, M. S Rama, _eAuthor. |
||
| 245 | 0 |
_aNanoscience and nanotechnology: Fundamentals to frontier _cby M. S. Rama Rao _hTextual Documents |
|
| 260 |
_aNew Delhi _bWiley India |
||
| 300 |
_a370p: _c23cm. |
||
| 653 | _aChemistry | ||
| 653 | _aDept-Chemistry | ||
| 942 |
_2ddc _cBK |
||
| 999 |
_c62794 _d62794 |
||